000 01551cam a22003734i 4500
003 PE-LiUPU
005 20250731183428.0
008 150706s r 000 0 d
035 _a(Sirsi) a49677
040 _aPE-LiUPU
_bspa
_cPE-LiUPU
_erda
049 _aPRUA
082 0 4 _a720.11
_bF27
_221
100 1 _aFawcett, A. Peter,
_eautor.
245 1 0 _aArquitectura :
_bcurso básico de proyectos /
_cA. Peter Fawcett.
264 1 _aBarcelona :
_bGustavo Gili,
_c[1999].
300 _a116 páginas :
_bilustraciones, ;
_c24 cm.
336 _atext
_2rdacontent
337 _aunmediated
_2rdamedia
338 _avolume
_2rdacarrier
505 0 _aEl contexto proyecto -- Lla obtención del diagrama.-La selección del diagrama -- La selección de las tecnologías adecuadas.-¿Qué aspecto tiene?.-Escalas.- -Los espacios circundantes -- Suplemento un método de trabajo de trabajo.
526 _aP158
526 _aP146
526 _aP17
526 _aP12
526 _aP06
541 _g004-000263;
650 1 4 _aArquitectura
_xProyectos
_vManuales.
910 _a
942 _2ddc
_cBOOK
949 _a720.11 F27
_wDEWEY
_c1
_i63033
_lCCODEBUL1
_mBUL
_p35.00
_r0
_sY
_tLIBRO
_u2015-07-06
_xINGENIERIA
_PP06
_o.STAFF. Colección General
994 _aC0
_bPEPRU
596 _a1
999 _a720.11 F27
_wDEWEY
_c52048
_i63033
_d52048
_e2019-9-1
_f2021-11-9
_g7
_lCCODEBUL1
_mBUL
_n3
_p35.00
_q2
_r0
_sY
_tBOOK
_u2015-7-6
_xINGENIERIA
_PP06
_o.STAFF. Colección General
980 _81
_gALBERTO SANCHEZ Responsable de Automatización